[Event "World Cup"]
[Site "Khanty-Mansiysk RUS"]
[Date "2007.11.24"]
[Round "1.1"]
[White "Ivanchuk,V"]
[Black "Aderito,P"]
[Result "1-0"]
[WhiteElo "2787"]
[BlackElo "2352"]
[EventDate "2007.11.24"]

1. d4 Nf6 2. Nf3 e6 3. c4 d5 4. g3 c6 5. Bg2 dxc4 6. a4 Bb4+ 7. Bd2 a5 8.
Qc2 Na6 9. O-O O-O 10. Qxc4 Ne4 11. Bf4 Be7 12. Nc3 Nd6 13. Qb3 Nf5 14.
Rad1 g5 15. Bc1 Nb4 16. h3 f6 17. Rfe1 Kh8 18. e4 Ng7 19. Be3 f5 20. Ne5 f4
21. Bc1 Bd6 22. Ne2 Nh5 23. Bf3 Qe8 24. gxf4 Nxf4 25. Nxf4 gxf4 26. Kh2
Bxe5 27. dxe5 c5 28. Rd6 Bd7 29. Qc3 Rc8 30. b3 Qe7 31. Rg1 c4 32. bxc4 Na2
33. Qd2 Nxc1 34. Rxd7 Nb3 35. Qd1 Qh4 36. Qxb3 1-0

[Event "World Cup"]
[Site "Khanty-Mansiysk RUS"]
[Date "2007.11.24"]
[Round "1.1"]
[White "Abdel Razik,K"]
[Black "Mamedyarov,S"]
[Result "0-1"]
[WhiteElo "2389"]
[BlackElo "2752"]
[EventDate "2007.11.24"]

1. d4 g6 2. e4 d6 3. g3 Bg7 4. Bg2 c5 5. dxc5 Qa5+ 6. Bd2 Qxc5 7. Bc3 Nf6
8. Ne2 Nc6 9. O-O b5 10. a3 O-O 11. Nf4 Bg4 12. Qe1 a5 13. h3 Bd7 14. b4
Qc4 15. bxa5 e5 16. Nd3 Nd4 17. Bxd4 Qxd4 18. Nd2 Qc3 19. Nb3 Qxc2 20. Qd1
Qc4 21. Re1 Be6 22. Rb1 Qa4 23. Nb4 Qxa3 24. Nd5 Bxd5 25. exd5 Rfc8 26. Qd3
Rc4 27. Bf1 Rac8 28. Ra1 Qb4 29. Rab1 e4 30. Qd1 Rc3 31. Nd4 Qxa5 32. Nxb5
Rc2 33. Re2 Rxe2 34. Bxe2 Rc5 35. Ra1 Qb6 36. Ra8+ Bf8 37. Qa4 Rxd5 38. Qa6
Qxa6 39. Rxa6 Kg7 40. g4 h6 41. Kf1 h5 42. Nc7 Re5 43. gxh5 gxh5 44. Nb5 d5
45. Rc6 Re6 46. Rc8 Rb6 47. Kg2 Bd6 48. f3 Be5 49. Rc5 e3 50. Bd3 h4 51. f4
Nh5 52. Kf3 Nxf4 53. Kxe3 Kf6 54. Bf1 Ra6 55. Rc1 Ra2 56. Kf3 Kg5 57. Re1
f6 58. Rb1 Rh2 59. Rb4 Rh1 60. Rb1 Rg1 61. Rc1 Nxh3 62. Ke2 d4 63. Rd1 d3+
64. Kf3 Rg3+ 0-1

[Event "World Cup"]
[Site "Khanty-Mansiysk RUS"]
[Date "2007.11.24"]
[Round "1.1"]
[White "Radjabov,T"]
[Black "Genba,V"]
[Result "1-0"]
[WhiteElo "2742"]
[BlackElo "2413"]
[EventDate "2007.11.24"]

1. d4 d5 2. c4 e6 3. Nf3 c5 4. cxd5 exd5 5. Nc3 Nc6 6. Bf4 c4 7. e3 Bb4 8.
Be2 Nge7 9. O-O O-O 10. Rc1 Bf5 11. Nd2 Bxc3 12. bxc3 b5 13. g4 Bg6 14. h4
h6 15. Bg3 Re8 16. f4 f6 17. f5 Bf7 18. Qc2 a5 19. g5 hxg5 20. hxg5 fxg5
21. Nf3 Nc8 22. Ne5 Qd6 23. Bg4 Rxe5 24. Qh2 Re4 25. Bxd6 Rxg4+ 26. Bg3 Nb6
27. Qh3 Re4 28. Rc2 Nd7 29. Rh2 1-0

[Event "World Cup"]
[Site "Khanty-Mansiysk RUS"]
[Date "2007.11.24"]
[Round "1.1"]
[White "Shirov,A"]
[Black "Gwaze,R"]
[Result "1-0"]
[WhiteElo "2739"]
[BlackElo "2429"]
[EventDate "2007.11.24"]

1. e4 c5 2. Nf3 e6 3. d4 cxd4 4. Nxd4 a6 5. Bd3 Nf6 6. O-O Qc7 7. Qe2 d6 8.
c4 Nbd7 9. f4 h5 10. Kh1 b6 11. Nc3 Be7 12. Bd2 g6 13. f5 Ne5 14. Bg5 Nfg4
15. Bxe7 Qxe7 16. Bc2 Bd7 17. Nf3 Rc8 18. Nxe5 Nxe5 19. Rad1 Bc6 20. Rd4
O-O 21. f6 Qc7 22. Qd2 Kh7 23. Bd1 Rh8 24. Be2 Rcd8 25. Rd1 Rd7 26. h3 Qb8
27. b4 b5 28. cxb5 axb5 29. a4 bxa4 30. b5 Ba8 31. Nxa4 Kg8 32. Nc5 dxc5
33. Rxd7 Kh7 34. Rd8 Rxd8 35. Qxd8 Qxd8 36. Rxd8 Bxe4 37. Rc8 c4 38. Bxc4
g5 39. Rc5 1-0

[Event "World Cup"]
[Site "Khanty-Mansiysk RUS"]
[Date "2007.11.24"]
[Round "1.1"]
[White "Adams,Mi"]
[Black "Zugic,I"]
[Result "1/2-1/2"]
[WhiteElo "2729"]
[BlackElo "2477"]
[EventDate "2007.11.24"]

1. e4 e6 2. d4 d5 3. Nd2 c5 4. Ngf3 Nc6 5. exd5 exd5 6. Bb5 Bd6 7. dxc5
Bxc5 8. O-O Nge7 9. Nb3 Bd6 10. Re1 O-O 11. Bd3 h6 12. h3 Nf5 13. c3 Qf6
14. Bc2 Rd8 15. Qd3 g6 16. Qd2 Bf8 17. Qf4 Bd6 18. Qd2 Bf8 19. Qe2 Nd6 20.
Nbd4 Re8 21. Qf1 Rxe1 22. Qxe1 Bd7 23. Bb3 Nc4 24. Bxc4 dxc4 25. Be3 Nxd4
26. Bxd4 Qe6 27. Qd2 Qd5 28. Rd1 Bxh3 29. Qf4 Qf5 30. Qg3 Bg4 31. Nh4 Qg5
32. Be3 Qh5 33. Rd4 Be6 34. Nf3 Qa5 35. Rh4 h5 36. Ng5 Qf5 37. Nxe6 Qxe6
38. Rxh5 Bg7 39. Rh4 Bf6 40. Rg4 Bg7 41. Qf3 Re8 42. a4 b6 43. Rh4 Bf6 44.
Rh1 Rd8 45. g3 Rd5 46. Kg2 Qf5 47. Bf4 Rd3 48. Qa8+ Rd8 49. Qf3 Rd3 50.
Qa8+ Rd8 51. Qf3 1/2-1/2

[Event "World Cup"]
[Site "Khanty-Mansiysk RUS"]
[Date "2007.11.24"]
[Round "1.1"]
[White "Ismagambetov,An"]
[Black "Alekseev,Evgeny"]
[Result "1-0"]
[WhiteElo "2479"]
[BlackElo "2716"]
[EventDate "2007.11.24"]

1. e4 c5 2. Nf3 Nc6 3. d4 cxd4 4. Nxd4 Qb6 5. Nb3 Nf6 6. Nc3 e6 7. Bg5 Be7
8. Qd2 O-O 9. O-O-O Rd8 10. Qe1 d6 11. f4 a6 12. Kb1 Qc7 13. Bd3 b5 14. Rg1
b4 15. Ne2 e5 16. g4 exf4 17. Nxf4 Qa7 18. Bh4 a5 19. g5 Ne8 20. Bf2 Qb8
21. Nd5 Bf8 22. Bb6 Bb7 23. Bxd8 Qxd8 24. Bb5 Nc7 25. Bxc6 Bxc6 26. Nd4 Bb7
27. Nf5 Nxd5 28. exd5 Kh8 29. Qf2 Rc8 30. h4 Rc5 31. Ne3 Rc7 32. h5 Bc8 33.
Rdf1 a4 34. Nf5 b3 35. cxb3 axb3 36. Nd4 bxa2+ 37. Ka1 Kg8 38. g6 fxg6 39.
hxg6 hxg6 40. Rh1 Qf6 41. Qh2 1-0

[Event "World Cup"]
[Site "Khanty-Mansiysk RUS"]
[Date "2007.11.24"]
[Round "1.1"]
[White "Grischuk,A"]
[Black "Lima,Da"]
[Result "1-0"]
[WhiteElo "2715"]
[BlackElo "2487"]
[EventDate "2007.11.24"]

1. Nf3 Nf6 2. c4 c5 3. Nc3 Nc6 4. d4 cxd4 5. Nxd4 e6 6. a3 d5 7. cxd5 Nxd5
8. Nxc6 bxc6 9. Bd2 Be7 10. e4 Nb6 11. Be3 O-O 12. Qc2 Qc7 13. Be2 c5 14.
O-O Bb7 15. Rac1 Rfc8 16. Rfd1 a6 17. Rd2 Bc6 18. Rcd1 Qb7 19. Bf1 Bf8 20.
Bf4 c4 21. Bd6 Bxd6 22. Rxd6 Rab8 23. R1d2 h6 24. Qd1 Qc7 25. h4 Be8 26.
R6d4 Kf8 27. g3 Qc5 28. Kh2 Rc7 29. Bg2 e5 30. Rd6 Rc6 31. Rxc6 Qxc6 32.
Bf1 Qc5 33. Kg1 Rb7 34. b4 cxb3 35. Qxb3 a5 36. Nd5 Bc6 37. Rc2 Bxd5 38.
exd5 Qxd5 39. Qxd5 Nxd5 40. Rc5 Nc7 41. Rxe5 Ra7 42. a4 Ne8 43. h5 Nf6 44.
Bh3 g5 45. hxg6 fxg6 46. f4 h5 47. Bf1 Ng8 48. Bd3 Kg7 49. Kf2 Ne7 50. Ke3
Kf6 51. Rb5 Ra6 52. Be4 Nc8 53. Rc5 Nd6 54. Bd3 Ra7 55. Rg5 Nf5+ 56. Bxf5
gxf5 57. Rxh5 Re7+ 58. Kf3 Rb7 59. Rh6+ Kg7 60. Ra6 Rb2 61. Rxa5 Kg6 62.
Ra8 Ra2 63. a5 Kh5 64. a6 Ra3+ 65. Kf2 Ra2+ 66. Ke3 Ra3+ 67. Kd4 Kg4 68.
Rg8+ Kf3 69. Rg6 1-0

[Event "World Cup"]
[Site "Khanty-Mansiysk RUS"]
[Date "2007.11.24"]
[Round "1.1"]
[White "Zhao Zong Yuan"]
[Black "Carlsen,M"]
[Result "0-1"]
[WhiteElo "2491"]
[BlackElo "2714"]
[EventDate "2007.11.24"]

1. d4 Nf6 2. Nf3 e6 3. c4 b6 4. Nc3 Bb7 5. Bg5 Be7 6. e3 h6 7. Bh4 O-O 8.
Bd3 c5 9. O-O cxd4 10. exd4 d5 11. Bxf6 Bxf6 12. cxd5 exd5 13. Re1 Nc6 14.
Bc2 Qd6 15. Qd3 g6 16. Bb3 Na5 17. Ne5 Bg7 18. Re2 Nxb3 19. axb3 a6 20.
Rae1 Rad8 21. h3 b5 22. Qd2 Bc8 23. Na2 Rde8 24. Qb4 Re6 25. Qxd6 Rxd6 26.
Nb4 g5 27. Nbd3 Bf5 28. Nc5 b4 29. g4 Bc8 30. Ncd3 a5 31. Nc5 Kh7 32. f3 f6
33. Ned3 f5 34. Re7 fxg4 35. fxg4 h5 36. Ne5 hxg4 37. hxg4 Rf4 38. Ra1 Rxd4
39. Rxa5 Rd8 40. Raa7 Rg8 41. Kf2 Kh6 42. Ncd7 Bxd7 43. Ra6+ Kh7 44. Nxd7
Kh8 45. Ne5 Rf8+ 46. Rf7 Rf4+ 47. Rxf4 Rxf4+ 48. Nf3 Rxg4 49. Rg6 Bd4+ 50.
Nxd4 Kh7 51. Rd6 Rxd4 52. Ke3 Re4+ 53. Kd3 Rf4 54. Rxd5 Kg6 55. Rb5 Rf3+
56. Kc2 Rf4 57. Kd3 Kh5 58. Ke2 Kg4 59. Rc5 Kh4 60. Ke3 Rg4 61. Kf2 Kh3 62.
Rc4 Rg2+ 63. Kf1 Rxb2 64. Rxb4 g4 65. Rb8 Rb1+ 66. Ke2 g3 67. b4 Rb3 68.
Rh8+ Kg2 69. Rb8 Kh2 70. Rh8+ Kg1 71. Rh4 g2 72. Ke1 Rb2 0-1

[Event "World Cup"]
[Site "Khanty-Mansiysk RUS"]
[Date "2007.11.24"]
[Round "1.1"]
[White "Wang Yue"]
[Black "Pridorozhni,A"]
[Result "1/2-1/2"]
[WhiteElo "2703"]
[BlackElo "2506"]
[EventDate "2007.11.24"]

1. d4 d5 2. c4 c6 3. Nf3 e6 4. Qc2 f5 5. Bf4 Nf6 6. e3 Be7 7. Nc3 O-O 8. h3
Kh8 9. Be2 Ne4 10. O-O Nd7 11. Rac1 b6 12. a3 a5 13. cxd5 exd5 14. Na4 Bb7
15. Ne5 Nxe5 16. Bxe5 b5 17. Nc3 Nxc3 18. Qxc3 b4 19. axb4 Bxb4 20. Qc2 Qe7
21. Bd3 Qe6 22. b3 Rae8 23. f4 Rc8 24. Kh2 c5 25. dxc5 Bxc5 26. Qxc5 Rxc5
27. Rxc5 Kg8 28. Rfc1 Rc8 29. Rc7 g6 30. Rg7+ Kf8 31. Rxc8+ Bxc8 32. Rxh7
Ba6 33. Bc2 Qb6 34. Bd4 Qc6 35. Bd1 Bd3 36. Rh6 Kf7 37. h4 Qc1 38. Bf3 Be4
39. h5 gxh5 40. Bxh5+ Ke7 41. Rh7+ Ke6 42. Be5 Qc2 43. Bf7+ Ke7 44. Bxd5+
Ke8 45. Bf7+ Kd8 46. Rg7 Qf2 47. Bf6+ Kc8 48. Bc4 Qxe3 49. Be5 Qb6 50. Kg3
Bc2 51. Rg8+ Kd7 52. Rb8 Qg6+ 53. Kf2 Be4 54. Bf1 Qh6 55. Kg1 1/2-1/2

[Event "World Cup"]
[Site "Khanty-Mansiysk RUS"]
[Date "2007.11.24"]
[Round "1.1"]
[White "Laylo,D"]
[Black "Bacrot,E"]
[Result "1/2-1/2"]
[WhiteElo "2486"]
[BlackElo "2695"]
[EventDate "2007.11.24"]

1. d4 d5 2. Nf3 Nf6 3. c4 c6 4. Nc3 a6 5. a4 e6 6. Bg5 a5 7. e3 Be7 8. Bd3
Na6 9. e4 dxe4 10. Nxe4 Nxe4 11. Bxe7 Nxf2 12. Bxd8 Nxd1 13. Bg5 Nxb2 14.
Be2 e5 15. Ra2 e4 16. Rxb2 exf3 17. Bxf3 h6 18. Bd2 O-O 19. O-O Nc7 20. Rd1
Ne6 21. Be3 Ng5 22. d5 Nxf3+ 23. gxf3 cxd5 24. cxd5 f6 25. Bc5 Rf7 26. Re1
Bd7 27. Rxb7 Bxa4 28. Be7 Be8 29. d6 a4 30. d7 Bxd7 31. Rxd7 a3 32. Rdd1 a2
33. Ra1 Re8 34. Bb4 Rxe1+ 35. Bxe1 Ra7 36. Kf2 Kf7 37. Ke2 Ke6 38. Bc3 Kf5
39. Kf2 Rc7 40. Bd2 Ra7 41. Be3 Ra4 42. Bc1 g5 43. Bb2 Kg6 44. Ke3 Rh4 45.
Bc3 Rxh2 46. Bd2 f5 47. Rxa2 f4+ 48. Kd3 Rf2 49. Ke4 Re2+ 50. Kd3 Rf2 51.
Ke4 Kh5 52. Rb2 Re2+ 53. Kd3 Re6 54. Rb1 Kh4 55. Rg1 Kh3 56. Rg4 Re5 57.
Kd4 Re2 58. Bxf4 gxf4 59. Rxf4 h5 60. Rf8 h4 61. Kd3 Ra2 62. Ke3 Kg2 63.
Rg8+ Kf1 64. Rh8 Ra4 65. f4 h3 66. Kf3 Ra3+ 67. Kg4 Kg2 68. f5 h2 69. Rxh2+
Kxh2 70. f6 Ra8 71. Kg5 Rf8 72. Kg6 Rxf6+ 1/2-1/2

[Event "World Cup"]
[Site "Khanty-Mansiysk RUS"]
[Date "2007.11.24"]
[Round "1.1"]
[White "Kabanov,N"]
[Black "Bu Xiangzhi"]
[Result "0-1"]
[WhiteElo "2512"]
[BlackElo "2692"]
[EventDate "2007.11.24"]

1. c4 e5 2. Nc3 Nf6 3. Nf3 Nc6 4. e3 Bb4 5. Qc2 O-O 6. Nd5 Re8 7. a3 e4 8.
Nxb4 exf3 9. Nxc6 fxg2 10. Bxg2 dxc6 11. h3 Nd7 12. d4 Nf8 13. Bd2 Qg5 14.
Bf3 Qf6 15. Be2 Bf5 16. Qc3 Rad8 17. O-O-O Ne6 18. Rde1 h6 19. f4 Bh7 20.
b3 Re7 21. Bg4 h5 22. Bd1 Red7 23. Qb2 Nc5 24. Bc2 Bxc2 25. Qxc2 Re8 26.
Bc3 Ne4 27. Bb2 Qf5 28. Rhg1 f6 29. Qg2 Nd6 30. Qd2 Ne4 31. Qe2 a5 32. a4
Rb8 33. Qc2 Kh7 34. Rd1 Re8 35. Qe2 Kg8 36. Rg2 h4 37. Rg4 Ng3 38. Qd2 Qe4
39. d5 Kf7 40. Qxa5 Ne2+ 41. Kd2 Qxe3+ 42. Kc2 Qe4+ 43. Kd2 cxd5 44. c5
Nxf4 45. Qc3 Qe2+ 46. Kc1 Qxg4 0-1

[Event "World Cup"]
[Site "Khanty-Mansiysk RUS"]
[Date "2007.11.24"]
[Round "1.1"]
[White "Wen Yang"]
[Black "Almasi,Z"]
[Result "0-1"]
[WhiteElo "2515"]
[BlackElo "2691"]
[EventDate "2007.11.24"]

1. c4 e5 2. g3 Nf6 3. Bg2 d5 4. cxd5 Nxd5 5. Nc3 Nb6 6. d3 Be7 7. Be3 O-O
8. Rc1 Nc6 9. Bxc6 bxc6 10. Nf3 Nd5 11. Nxd5 Qxd5 12. Qa4 Bh3 13. Rg1 Rfb8
14. b3 Bd7 15. Qa6 Rb5 16. Bd2 e4 17. dxe4 Qxe4 18. Qa4 Rc5 19. e3 Qxa4 20.
bxa4 Rxc1+ 21. Bxc1 c5 22. Kd2 Bxa4 23. Bb2 Rd8+ 24. Kc1 f6 25. g4 Kf7 26.
h4 Bb5 27. g5 Be2 28. Nd2 c4 29. gxf6 gxf6 30. Ne4 Bd3 31. Rg4 Ke6 32. Rf4
Rg8 33. Ng3 f5 34. e4 fxe4 35. Nxe4 Rg1+ 36. Kd2 Rb1 37. Bc3 Ba3 38. Ng5+
Kd5 39. Rd4+ Kc6 0-1

[Event "World Cup"]
[Site "Khanty-Mansiysk RUS"]
[Date "2007.11.24"]
[Round "1.1"]
[White "Dominguez Perez,L"]
[Black "Iljushin,A"]
[Result "1-0"]
[WhiteElo "2683"]
[BlackElo "2528"]
[EventDate "2007.11.24"]

1. e4 e5 2. Nf3 Nc6 3. Bb5 a6 4. Ba4 d6 5. c3 Bd7 6. d4 g6 7. O-O Bg7 8.
Re1 Nf6 9. Nbd2 O-O 10. h3 b5 11. Bc2 Re8 12. a3 a5 13. d5 Ne7 14. a4 c6
15. dxc6 Bxc6 16. axb5 Bxb5 17. Ba4 Bxa4 18. Qxa4 Qc7 19. Nc4 Nc6 20. Bg5
Nxe4 21. Rxe4 d5 22. Ree1 dxc4 23. Nd2 f5 24. Nxc4 e4 25. Red1 Kh8 26. Rd6
Ne5 27. Nxe5 Bxe5 28. Rd7 Qb6 29. Rad1 Qxb2 30. Qc6 Qxc3 31. Qb7 Qc4 32.
Rxh7+ Kg8 33. Rdd7 1-0

[Event "World Cup"]
[Site "Khanty-Mansiysk RUS"]
[Date "2007.11.24"]
[Round "1.1"]
[White "Nguyen Ngoc Truong Son"]
[Black "Van Wely,L"]
[Result "1/2-1/2"]
[WhiteElo "2530"]
[BlackElo "2679"]
[EventDate "2007.11.24"]

1. e4 c5 2. Nf3 e6 3. c3 d5 4. exd5 Qxd5 5. d4 Nf6 6. Be3 cxd4 7. cxd4 Be7
8. Nc3 Qd6 9. Bd3 O-O 10. O-O Nc6 11. Rc1 Nb4 12. Bb1 b6 13. Ne4 Nxe4 14.
Bxe4 Ba6 15. Bxa8 Rxa8 16. a3 Bxf1 17. Qxf1 Nd5 18. Qa6 Qd8 19. Qb7 Qb8 20.
Qd7 Qe8 21. Qb7 f6 22. Nd2 a5 23. Ne4 Rb8 24. Qc6 Kf7 25. Qxe8+ Kxe8 26.
Nc3 Nxc3 27. Rxc3 Kd7 28. Kf1 b5 29. Ke2 h5 30. h4 a4 31. Kd3 Rb6 32. Rc1
Rc6 33. Rg1 Rd6 34. f3 Rd5 35. g4 g6 36. gxh5 gxh5 37. Rg7 Ke8 38. Rh7 Bd6
39. f4 Kf8 40. Ke4 Kg8 41. Rb7 Bf8 42. Bf2 f5+ 43. Kd3 Bd6 44. Ke3 Bf8 45.
Kd3 Bh6 46. Be3 Bg7 47. Re7 Rd6 48. Rb7 Bf6 49. Bf2 Rd5 50. Rb6 Kf7 51.
Rb7+ Be7 52. Be1 Ke8 53. Rb8+ Kd7 54. Rb7+ Ke8 55. Rb8+ Kd7 56. Rb7+ Ke8
57. Rb8+ 1/2-1/2

[Event "World Cup"]
[Site "Khanty-Mansiysk RUS"]
[Date "2007.11.24"]
[Round "1.1"]
[White "Landa,K"]
[Black "Nevednichy,V"]
[Result "0-1"]
[WhiteElo "2678"]
[BlackElo "2531"]
[EventDate "2007.11.24"]

1. d4 Nf6 2. Nf3 g6 3. c4 Bg7 4. Nc3 O-O 5. e4 d6 6. Be2 c5 7. O-O Nc6 8.
d5 Na5 9. Bd2 e5 10. Ne1 b6 11. b3 Bd7 12. Rc1 Qc7 13. Nd3 Rae8 14. Kh1 Kh8
15. Qe1 Nb7 16. f3 Ng8 17. Qg3 f5 18. exf5 gxf5 19. f4 e4 20. Nf2 Re7 21.
Nh3 Nd8 22. Nd1 Bd4 23. Bc3 Rg7 24. Qe1 h6 25. Qd2 Bxc3 26. Qxc3 Bc8 27.
Ne3 Qe7 28. Rg1 Nf6 29. Nf2 Kh7 30. g3 Rfg8 31. Rg2 Nf7 32. Rcg1 h5 33. Qa1
Rg6 34. Qd1 Rh6 35. h3 Rg7 36. Rh2 Qf8 37. Rgg2 Qg8 38. g4 hxg4 39. hxg4
fxg4 40. Nfxg4 Bxg4 41. Bxg4 Kh8 42. Rxh6+ Nxh6 43. Rh2 Rh7 44. Qa1 Qg7 45.
Be6 Nf5 46. Rxh7+ Qxh7+ 47. Kg1 Qg7+ 48. Ng2 Nd4 49. Qf1 e3 50. Qd3 Nf3+
51. Kf1 Qxg2+ 0-1

[Event "World Cup"]
[Site "Khanty-Mansiysk RUS"]
[Date "2007.11.24"]
[Round "1.1"]
[White "Le Quang Liem"]
[Black "Volokitin,And"]
[Result "1/2-1/2"]
[WhiteElo "2534"]
[BlackElo "2678"]
[EventDate "2007.11.24"]

1. d4 Nf6 2. Nf3 g6 3. c4 Bg7 4. Nc3 O-O 5. e4 d6 6. Be2 e5 7. d5 Nbd7 8.
Bg5 h6 9. Bh4 g5 10. Bg3 Nh5 11. O-O Nf4 12. Ne1 f5 13. exf5 Nxe2+ 14. Qxe2
Nf6 15. Nc2 Bxf5 16. Rad1 Bg6 17. Rd2 Nh5 18. h3 Qe7 19. Re1 Rae8 20. Ne4
Nf4 21. Qd1 h5 22. f3 Bh6 23. Ne3 Qh7 24. Qc2 Re7 25. c5 1/2-1/2

[Event "World Cup"]
[Site "Khanty-Mansiysk RUS"]
[Date "2007.11.24"]
[Round "1.1"]
[White "Andriasian,Z"]
[Black "Onischuk,Al"]
[Result "1/2-1/2"]
[WhiteElo "2546"]
[BlackElo "2674"]
[EventDate "2007.11.24"]

1. e4 e5 2. Nf3 Nc6 3. Bb5 a6 4. Ba4 Nf6 5. O-O Bc5 6. c3 b5 7. Bb3 d6 8.
a4 Bg4 9. h3 Bxf3 10. Qxf3 Na5 11. Bc2 b4 12. d3 Rb8 13. Nd2 O-O 14. Qe2
Re8 15. Nf3 b3 16. Bb1 d5 17. d4 exd4 18. cxd4 dxe4 19. dxc5 exf3 20. Qxf3
Qd4 21. Rd1 Qxc5 22. Be3 Qc6 23. Bd3 Qxf3 24. gxf3 Nd5 25. Bd2 Nb4 26. Bxb4
Rxb4 27. Bxa6 c6 28. Rdc1 Re5 29. Bb5 g6 30. Bxc6 Nxc6 31. Rxc6 Re2 32. Rb1
Rxa4 33. Rb6 Rd4 34. Rxb3 Rdd2 35. Rf1 Rxb2 36. Rxb2 Rxb2 1/2-1/2

[Event "World Cup"]
[Site "Khanty-Mansiysk RUS"]
[Date "2007.11.24"]
[Round "1.1"]
[White "Inarkiev,E"]
[Black "Peralta,Fe"]
[Result "1/2-1/2"]
[WhiteElo "2674"]
[BlackElo "2546"]
[EventDate "2007.11.24"]

1. e4 d6 2. d4 Nf6 3. Nc3 g6 4. f4 Bg7 5. Nf3 O-O 6. Be3 b6 7. Qe2 Ba6 8.
Qd2 Bb7 9. e5 Ng4 10. O-O-O c5 11. dxc5 bxc5 12. Bxc5 Nd7 13. Ba3 Ndxe5 14.
fxe5 Bh6 15. Ng5 Nxe5 16. Kb1 Qa5 17. Qe3 f6 18. h4 Rf7 19. Nb5 fxg5 20.
hxg5 Bg7 21. Qh3 Bh8 22. Be2 Ba6 23. Rd5 Bc8 24. Qh4 Be6 25. Bb4 Qb6 26.
Rdd1 a6 27. Nxd6 exd6 28. Rxd6 Qe3 29. Rhd1 Qxe2 30. Rd8+ Rf8 31. Rh1 Qh5
32. Qxh5 gxh5 33. Rxf8+ Rxf8 34. Bxf8 Kxf8 35. Rxh5 Bf5 36. Rh4 Ke7 37. Ra4
Bc8 38. Rh4 Bf5 39. Ra4 Nc6 40. Rxa6 Bxc2+ 41. Kc1 Be4 42. Ra4 Bg6 43. b4
Kd6 44. Kd2 Be5 45. Ke3 Bd4+ 46. Kd2 Be5 47. Ke3 Bd4+ 48. Kd2 Kd5 49. b5
Ne5 50. Ra8 Nc4+ 51. Ke2 Nb6 52. Ra7 Bc2 53. Rc7 Bc5 54. Kd2 Bg6 55. Kc3
Bd6 56. Ra7 Kc5 57. a4 Nd5+ 58. Kb3 Nc7 59. Rb7 Be4 60. Rb8 Bxg2 61. Rd8
Bd5+ 62. Kc2 Ne6 63. Rd7 Be4+ 64. Kd1 Bc7 65. Ke2 Bb6 66. Rf7 Nxg5 67. Rf6
Bd5 68. Ke3 Nf7 69. Kf4 Bc7+ 70. Ke3 Nd6 71. Rf8 h5 72. Rh8 Bf7 73. Kf4
Nxb5+ 74. Kg5 Nd6 75. Ra8 Bd5 76. Rf8 Bf7 77. Ra8 Kc6 78. Rh8 Ba5 79. Rh7
Bd2+ 80. Kf6 Bc3+ 81. Kg5 Bd2+ 82. Kf6 Bc3+ 83. Kg5 Be8 84. Re7 Bd2+ 85.
Kf6 h4 86. Rh7 Be1 87. Kg5 Bd7 88. Rxh4 Bxh4+ 89. Kxh4 Kb6 90. a5+ Kxa5 91.
Kg5 Kb5 92. Kf6 Kc5 93. Ke5 Bc8 94. Kf6 Kd5 95. Kg5 Ke5 96. Kg6 Nf5 97. Kh7
Kf6 98. Kg8 Ng7 99. Kf8 Ba6 1/2-1/2

[Event "World Cup"]
[Site "Khanty-Mansiysk RUS"]
[Date "2007.11.24"]
[Round "1.1"]
[White "Zhao Jun"]
[Black "Harikrishna,P"]
[Result "1/2-1/2"]
[WhiteElo "2552"]
[BlackElo "2668"]
[EventDate "2007.11.24"]

1. d4 d5 2. c4 c6 3. Nf3 Nf6 4. Nc3 e6 5. e3 Nbd7 6. Qc2 Bd6 7. b3 O-O 8.
Be2 b6 9. O-O Bb7 10. Bb2 Qe7 11. Rfe1 Rfe8 12. e4 Nxe4 13. Nxe4 dxe4 14.
Qxe4 Rad8 15. Qc2 h6 16. Bd3 Qf8 17. Rad1 c5 18. Bh7+ Kh8 19. Be4 Bxe4 20.
Qxe4 Be7 21. Qf4 Bf6 22. Qc7 Re7 23. Qc6 Nb8 24. Qe4 Red7 25. Rd2 cxd4 26.
Bxd4 Bxd4 27. Rxd4 Rxd4 28. Nxd4 Qc5 29. Nf3 Nc6 30. g3 1/2-1/2

[Event "World Cup"]
[Site "Khanty-Mansiysk RUS"]
[Date "2007.11.24"]
[Round "1.1"]
[White "Balogh,C"]
[Black "Tkachiev,V"]
[Result "1/2-1/2"]
[WhiteElo "2562"]
[BlackElo "2661"]
[EventDate "2007.11.24"]

1. e4 e5 2. Nf3 Nc6 3. Bb5 a6 4. Ba4 Nf6 5. O-O Be7 6. Re1 b5 7. Bb3 d6 8.
c3 O-O 9. d4 Bg4 10. d5 Na5 11. Bc2 c6 12. h3 Bc8 13. dxc6 Qc7 14. Nbd2
Qxc6 15. Nf1 Nc4 16. Ng3 Re8 17. a4 Be6 18. Ng5 Bd7 19. b3 Na5 20. Bd2 Qc7
21. axb5 axb5 22. Qe2 Rec8 23. Ra2 Nb7 24. Rxa8 Rxa8 25. b4 h6 26. Nf3 Nd8
27. Bd3 Qb7 28. c4 Ne6 29. Nf5 Bf8 30. c5 dxc5 31. Nxe5 Rd8 32. Bb1 Bc8 33.
Nf3 cxb4 34. e5 Ne8 35. Be3 b3 36. Nd2 Nc5 37. Nd6 Nxd6 38. Bxc5 Nc4 39.
Nxb3 1/2-1/2

[Event "World Cup"]
[Site "Khanty-Mansiysk RUS"]
[Date "2007.11.24"]
[Round "1.1"]
[White "Kudrin,S"]
[Black "Vallejo Pons,F"]
[Result "0-1"]
[WhiteElo "2563"]
[BlackElo "2660"]
[EventDate "2007.11.24"]

1. e4 e5 2. Nf3 Nc6 3. Bc4 Bc5 4. c3 Nf6 5. d3 a6 6. O-O Ba7 7. Bb3 d6 8.
Nbd2 O-O 9. Nc4 b5 10. Ne3 Na5 11. Bc2 c5 12. h3 Re8 13. Nh2 d5 14. Qf3 d4
15. Nf5 Bxf5 16. Qxf5 c4 17. Bg5 Qc8 18. Qxc8 Raxc8 19. cxd4 Bxd4 20. Bxf6
gxf6 21. Rab1 c3 22. b4 Nc6 23. Ng4 Kg7 24. Ne3 Ne7 25. Rb3 Kg6 26. a4 f5
27. Nxf5 Nxf5 28. exf5+ Kxf5 29. Ra1 Re6 30. axb5 axb5 31. Ra5 Rf6 32. Kf1
Kg5 33. f3 Rb8 34. Rb1 Rg6 35. g3 h5 36. Rba1 h4 37. g4 f5 38. Ra8 Rxa8 39.
Rxa8 fxg4 40. hxg4 h3 41. Rh8 Rh6 0-1

[Event "World Cup"]
[Site "Khanty-Mansiysk RUS"]
[Date "2007.11.24"]
[Round "1.1"]
[White "Nikolic,Pr"]
[Black "Iljin,A"]
[Result "1-0"]
[WhiteElo "2657"]
[BlackElo "2565"]
[EventDate "2007.11.24"]

1. d4 Nf6 2. c4 e6 3. Nf3 d5 4. Nc3 Be7 5. Bg5 h6 6. Bh4 O-O 7. e3 b6 8.
Be2 dxc4 9. O-O Bb7 10. Rc1 Nbd7 11. Bxc4 a6 12. a4 c5 13. Qe2 cxd4 14.
exd4 Re8 15. Bg3 Bb4 16. Rfd1 Qe7 17. Bd3 Nh5 18. Bb1 Nxg3 19. hxg3 Nf6 20.
Ne5 Rec8 21. Ne4 Bd6 22. Nxf6+ Qxf6 23. Nc4 Qd8 24. Be4 Bxe4 25. Qxe4 b5
26. axb5 axb5 27. Ne3 Bf8 28. Rxc8 Rxc8 29. d5 exd5 30. Rxd5 Qb6 31. Rd7
Rc1+ 32. Kh2 Qg6 33. Qf3 Rc5 34. Nd5 Rc8 35. Rb7 b4 36. Nxb4 Bxb4 37. Rxb4
Rc5 38. Rd4 Rh5+ 39. Rh4 Re5 40. Qd1 Kh7 41. b4 Qe6 42. Qd3+ g6 43. Qd2 h5
44. Rf4 Kg8 45. Qd8+ Kg7 46. Qc7 Rd5 47. Qc3+ Qe5 48. Qc2 g5 49. Re4 Qa1
50. Re2 Rd1 51. Qb2+ Kf8 52. Qxa1 Rxa1 53. Rb2 Ke7 54. b5 Kd7 55. b6 Kc8
56. Rb5 Ra2 57. f3 g4 58. f4 Kb7 59. Rxh5 Kxb6 60. Rg5 Kc6 61. Rxg4 Kd6 62.
Rg8 Ke6 63. g4 Ra3 64. g3 Kf6 65. Kh3 Ra1 66. g5+ Kf5 67. Rg7 Ke4 68. Kg4
Ra7 69. Rg8 1-0

[Event "World Cup"]
[Site "Khanty-Mansiysk RUS"]
[Date "2007.11.24"]
[Round "1.1"]
[White "Ivanov,AV USA"]
[Black "Navara,D"]
[Result "1/2-1/2"]
[WhiteElo "2565"]
[BlackElo "2656"]
[EventDate "2007.11.24"]

1. e4 c5 2. Nf3 d6 3. d4 cxd4 4. Nxd4 Nf6 5. Nc3 a6 6. g3 e6 7. Bg2 Qc7 8.
O-O Be7 9. Be3 Nc6 10. Nxc6 bxc6 11. Na4 Rb8 12. c4 c5 13. b3 Bb7 14. Nc3
O-O 15. Rc1 Nd7 16. f4 Bf6 17. Ne2 g6 18. g4 Bg7 19. Ng3 Rbe8 20. Rc2 f5
21. g5 Nb8 22. exf5 exf5 23. Bxb7 Qxb7 24. Bf2 Nc6 25. Qd5+ Rf7 26. Re2
Rxe2 27. Nxe2 Nd4 28. Nxd4 Qxd5 29. cxd5 cxd4 30. Rd1 Re7 31. Bxd4 Re2 32.
Bxg7 Kxg7 33. Rc1 Rxa2 34. Rc6 Rb2 35. Rxd6 Rxb3 36. Rxa6 Rd3 37. Ra7+ Kf8
38. Ra8+ Kg7 39. Rd8 h5 40. Kf2 Rd2+ 41. Ke3 Rd1 42. Rd6 Kh7 43. h4 1/2-1/2

[Event "World Cup"]
[Site "Khanty-Mansiysk RUS"]
[Date "2007.11.24"]
[Round "1.1"]
[White "Flores,Di"]
[Black "Fressinet,L"]
[Result "0-1"]
[WhiteElo "2566"]
[BlackElo "2654"]
[EventDate "2007.11.24"]

1. Nf3 d5 2. c4 c6 3. e3 Nf6 4. Nc3 a6 5. a4 e6 6. d4 c5 7. Be2 Nc6 8. O-O
dxc4 9. Bxc4 Be7 10. Qe2 cxd4 11. Rd1 e5 12. exd4 exd4 13. Nxd4 Nxd4 14.
Qe5 Qd6 15. Qxd4 Qxd4 16. Rxd4 Bc5 17. Rd3 Bf5 18. Rf3 Bg6 19. Be3 Rc8 20.
Nd5 Be7 21. Bb3 Nxd5 22. Bxd5 Rc7 23. Rc1 Rd7 24. Rc8+ Bd8 25. Bb3 O-O 26.
Bc5 Be7 27. Rxf8+ Kxf8 28. Rc3 Bxc5 29. Rxc5 Rd2 30. h4 Rxb2 31. Bd5 Rc2
32. Rxc2 Bxc2 33. Bxb7 a5 34. Bc6 Ke7 35. Kf1 Kd6 36. Be8 Bb3 37. Ke2 Kc5
38. f4 Kb4 39. g4 f6 40. Kd2 Bxa4 41. Bf7 Bb3 42. Be8 a4 43. Kc1 a3 44. Kb1
Kc3 45. g5 Kd4 46. h5 h6 47. gxh6 gxh6 48. Bg6 Ke3 49. f5 Kf4 50. Ka1 Kg5
51. Kb1 Bd1 52. Ka2 Bxh5 53. Bh7 Bf7+ 54. Kxa3 h5 0-1